| 000 | 00357nam a2200145Ia 4500 | ||
|---|---|---|---|
| 003 | OSt | ||
| 008 | 191201s2003 xx 000 0 und d | ||
| 082 |
_a658.562 _bGRQ |
||
| 100 | _aGRYNA, Frank | ||
| 245 | 0 | _aJuran's Quality planning and analysis: for enterprise quality | |
| 260 |
_aNew Delhi _bTMH _c2003 |
||
| 300 | _a774 | ||
| 650 | _aMBA | ||
| 942 |
_2ddc _cBK |
||
| 999 |
_c167 _d167 |
||